| 000 | 00675cam a2200229 a 4500 | ||
|---|---|---|---|
| 001 | 000032832 | ||
| 003 | DO-SdBNP | ||
| 005 | 20230926111344.0 | ||
| 008 | 750620s1968 dr 001 f spa | ||
| 010 | _a74200108 | ||
| 040 |
_aDO-SdBNP _cspa _dBNPHU |
||
| 082 | 4 |
_aPR863.44 _bH557m, 1968 _222 |
|
| 100 | 1 |
_aHernández Aquino, Luis _914674 |
|
| 245 | 1 | 3 | _aLa muerte anduvo por el Guasio. |
| 250 | _a2a. ed. | ||
| 260 |
_aSanto Domingo : _bEditora del Caribe, _c1968. |
||
| 300 |
_a188 p. ; _c20 cm. |
||
| 650 | 4 |
_aNovela histórica puertorriqueña _91185 |
|
| 650 | 4 |
_aLiteratura puertorriqueña _9250 |
|
| 910 | _aValidado. Control de calidad MFF | ||
| 942 |
_2ddc _cLBS1 |
||
| 999 |
_c32323 _d32323 |
||